000 00883nam a22002057a 4500
999 _c62878
_d62878
003 Ge_BSU
005 20250314105754.0
008 250314s1955 ge ||||| |||| 00| 0 geo d
041 _ageo
080 _a611.81 ზ-97
100 _aზურაბაშვილი, ა.
_919726
245 _aთავის ტვინის ქერქის ნატიფი მორფოლოგიის შესახებ /
_cა. ზურაბაშვილი.
264 _aთბ. :
_bსაქმედგამი,
_c1955.
300 _a64 გვ. :
_bილ. ;
_c20 სმ.
490 _aექიმის ბიბლიოთეკა
504 _aბიბლიოგრ.: გვ. 60-62.
653 _aთავის ტვინის ქერქის მორფოლოგია.
653 _aმედიცინა
942 _2udc
_cᲬᲘᲒᲜᲘ